| 000 | 01530nam a22002417a 4500 | ||
|---|---|---|---|
| 999 |
_c58634 _d58634 |
||
| 003 | Ge_BSU | ||
| 005 | 20220621112926.0 | ||
| 008 | 220621s2019 ge ||||| |||| 00| 0 geo d | ||
| 020 | _a9789941823947 | ||
| 041 | _ageo | ||
| 080 | _a7.01 ა-28 | ||
| 100 |
_aადორნო, თეოდორ ვ. _914159 |
||
| 245 |
_aესთეტიკური თეორია / _cთეოდორ ვ. ადორნო ; მთარგმნელი და ბოლოსიტყვაობის ავტორი დევი დუმბაძე ; რედაქტორი რუსუდან ასათიანი ; ყდის დიზაინი ანი ასათიანი. |
||
| 250 | _aI გამოცემა. | ||
| 264 |
_aთბილისი : _b სა. გა : დევი დუმბაძე, _c2019. |
||
| 300 |
_a464 გვ. ; _b23 სმ. |
||
| 500 | _aმთარგმნელი წიგნს უძღვნის დედას, რუსუდან ასათიანს. | ||
| 504 | _aბიბლიოგრაფია ტექსტის შენიშვნებში. | ||
| 653 | _aესთეტიკური თეორია. | ||
| 700 |
_aდუმბაძე, დევი _eმთარგმნელი, ბოლოსიტყვაობის ავტორი, გამომცემელი _9966 |
||
| 700 |
_aასათიანი, ანი _eყდის დიზაინერი _914160 |
||
| 942 |
_2udc _cBK |
||